00540nam a22001817a 4500020001800000082001600018100001800034245004500052260003200097300001000129650002500139650002200164650002500186650001500211942000700226999001900233952010600252 a9789354820823 aM803bDIV/K aDivya S. Iyer aKaiyoppitta vazhikal /cby Divya S. Iyer aKottayam:bDC Books,c2025. a133p. aMemoirs Divya S.Iyer aMemoirs Malayalam aLiterature Malayalam aLiterature cBK c181400d181400 00104070aSSUSbSSUScSTACKSd2026-05-05g199.00l0oM803 DIV/Kp108139r2026-05-05w2026-05-05yBK